Najlepsi zawodnicy WBW 2024 (freestyle) - Statystyki

Ogólne statystyki
  • Ten quiz został rozwiązany 180 razy
  • Średni wynik to 12 z 15
Statystyki odpowiedzi
Opis Zawodnik % Poprawnych
Zwycięzca wielkiego finału WBW 2024 Recha
95%
Cygan Manu
93%
Freestylowiec w kominiarce Syn Młynarza
93%
Znany ze zdejmowania koszulki Yowee
91%
Chińczyk Matis
89%
Jeździ na wózku inwalidzkim Rider
87%
Znany z punchy o starej Koziołek
78%
Najbardziej doświadczony zawodnik spośród finalistów Wawrzyn
78%
W wielkim finale odpadł w półfinale, a w grupie wygrał wszystkie walki Cerber
77%
Zwycięzca eliminacji w Białymstoku Barti
75%
Zwycięzca dzikiej karty Cybuch
75%
Jedyny zwycięzca eliminacji po tych w Gdyni, który wziął udział tylko w zwycięzkich dla tego MC Jaskier
72%
Czarny koń i odkrycie Wrocławskich eliminacji; na eliminacjach w Poznaniu doszedł do półfinału Felix
62%
Finalista eliminacji w Poznaniu i półfinalista eliminacji we Wrocławiu Wueno
54%
We wszystkich eliminacjach na których był doszedł conajmniej do ćwierćfinału Yachu
38%
Nie znaleziono quizów pasujących do podanych kryteriów
Rozkład punktacji
Procent ludzi z każdym wynikiem
Percentyl według liczby udzielonych odpowiedzi
Twoja historia wyników
Nie rozwiązałeś tego quizu